<?xml version="1.0" encoding="UTF-8"?>
<record
    xmlns:xsi="http://www.w3.org/2001/XMLSchema-instance"
    xsi:schemaLocation="http://www.loc.gov/MARC21/slim http://www.loc.gov/standards/marcxml/schema/MARC21slim.xsd"
    xmlns="http://www.loc.gov/MARC21/slim">

  <leader>00516nam a22001937a 4500</leader>
  <controlfield tag="003">OSt</controlfield>
  <controlfield tag="005">20140310182219.0</controlfield>
  <controlfield tag="008">130909t        xxu||||| |||| 00| 0 eng d</controlfield>
  <datafield tag="020" ind1=" " ind2=" ">
    <subfield code="a">8032601373</subfield>
  </datafield>
  <datafield tag="050" ind1=" " ind2=" ">
    <subfield code="a">DU 740</subfield>
    <subfield code="b">.M435 1994</subfield>
  </datafield>
  <datafield tag="082" ind1=" " ind2=" ">
    <subfield code="a">HS 995</subfield>
    <subfield code="b">M43 1994</subfield>
  </datafield>
  <datafield tag="100" ind1=" " ind2=" ">
    <subfield code="a">Mattes, Kristina</subfield>
    <subfield code="9">17232</subfield>
  </datafield>
  <datafield tag="245" ind1=" " ind2=" ">
    <subfield code="a">Papua  new guinea /</subfield>
    <subfield code="c">Kristina Mattes.</subfield>
  </datafield>
  <datafield tag="260" ind1=" " ind2=" ">
    <subfield code="a">New guinea : </subfield>
    <subfield code="b">TASR Bratislaua, </subfield>
    <subfield code="c">1994.  </subfield>
  </datafield>
  <datafield tag="300" ind1=" " ind2=" ">
    <subfield code="b">ill. col. ;</subfield>
    <subfield code="c">29 cm.</subfield>
  </datafield>
  <datafield tag="650" ind1=" " ind2=" ">
    <subfield code="a">New guinea </subfield>
    <subfield code="9">17233</subfield>
  </datafield>
  <datafield tag="942" ind1=" " ind2=" ">
    <subfield code="2">lcc</subfield>
    <subfield code="c">HS</subfield>
  </datafield>
  <datafield tag="999" ind1=" " ind2=" ">
    <subfield code="c">10677</subfield>
    <subfield code="d">10677</subfield>
  </datafield>
  <datafield tag="952" ind1=" " ind2=" ">
    <subfield code="0">0</subfield>
    <subfield code="1">0</subfield>
    <subfield code="2">lcc</subfield>
    <subfield code="4">0</subfield>
    <subfield code="a">LUX</subfield>
    <subfield code="b">LUX</subfield>
    <subfield code="c">HS</subfield>
    <subfield code="d">2013-09-09</subfield>
    <subfield code="l">0</subfield>
    <subfield code="o">DU 740 .M435 1994</subfield>
    <subfield code="p">2483</subfield>
    <subfield code="r">2015-10-08 00:00:00</subfield>
    <subfield code="t">1</subfield>
    <subfield code="w">2013-09-09</subfield>
    <subfield code="y">BK</subfield>
  </datafield>
</record>
